Statistiques concernant Littérature: anagrammes aléatoires d'auteurs

Cliquez ici pour prendre le quiz!

Statistiques générales

  • Ce quiz a été pris 413 fois
  • Le résultat moyen est 8 sur 20

Statistiques - réponses

Auteur% Correct
Sand
100%
Tolstoï
100%
Zola
95%
Poe
94%
King
88%
Balzac
85%
Kant
81%
Dumas
80%
Eco
80%
Hugo
80%
Levi
76%
Montesquieu
75%
Polo
75%
Maupassant
74%
Vian
72%
Shakespeare
70%
Aragon
69%
Camus
67%
Hemingway
67%
Dante
64%
Sagan
64%
Wilde
64%
More
63%
Molière
62%
Verne
62%
Proust
60%
Spinoza
59%
Wells
59%
Céline
57%
Dickens
54%
Twain
54%
Anouilh
53%
London
53%
Swift
53%
Casanova
50%
Duras
50%
Vigny
50%
Defoe
47%
Malraux
47%
Diderot
45%
Melville
45%
Voltaire
41%
Brontë
40%
Gautier
40%
Saint-Exupéry
39%
Baudelaire
38%
Orwell
38%
Verlaine
38%
Kipling
36%
Mallarmé
36%
Musset
36%
Pagnol
36%
Rousseau
36%
Stendhal
36%
Colette
33%
Fontaine
33%
Beckett
31%
Morton
31%
Rimbaud
31%
Cooper
29%
Flaubert
29%
Nothomb
29%
Shelley
27%
Apollinaire
25%
Bradbury
25%
Mitchell
25%
Racine
25%
Taylor
25%
Clancy
24%
Franklin
24%
Cervantes
23%
Jefferson
23%
Perrault
23%
Descartes
20%
Montaigne
20%
Rowling
20%
Rochefoucaud
19%
Stevenson
18%
Stowe
18%
Baldwin
17%
Doyle
15%
Barrie
14%
Carroll
14%
Tolkien
14%
Williams
14%
Corneille
13%
Miller
13%
Steinbeck
12%
Bergson
11%
Stoker
11%
Bellamy
10%
Calvino
10%
Andersen
9%
Beaumarchais
8%
Lovecraft
8%
Austen
7%
Sarthe
7%
Chateaubriand
6%
Lamartine
6%
Rabelais
6%
Rowson
5%
Alcott
0%
Beauvoir
0%
Burgess
0%
Christie
0%
Leopardi
0%
Manzoni
0%
Salinger
0%
Simenon
0%
Thoreau
0%
Wheatley
0%

Distribution des résultats

Percentile par nombre de réponses

% des personnes avec chaque résultat

Votre développement - résultats

Vous n’avez pas pris ce quiz